Measured and drawn (Record no. 110945)
[ view plain ]
| 000 -LEADER | |
|---|---|
| fixed length control field | 01063cad a2200241 4500 |
| 001 - CONTROL NUMBER | |
| control field | L150684 |
| 008 - FIXED-LENGTH DATA ELEMENTS--GENERAL INFORMATION | |
| fixed length control field | 100817s2010 000 0 eng u |
| 020 ## - INTERNATIONAL STANDARD BOOK NUMBER | |
| International Standard Book Number | 9781848020474 |
| 035 ## - SYSTEM CONTROL NUMBER | |
| System control number | (Sirsi) u150684 |
| 041 ## - LANGUAGE CODE | |
| Language code of text/sound track or separate title | eng. |
| 050 04 - LIBRARY OF CONGRESS CALL NUMBER | |
| Classification number | 690.241 $2 18 |
| 245 ## - TITLE STATEMENT | |
| Title | Measured and drawn |
| Remainder of title | techniques and practice for the metric survey of historic buildings |
| Medium | [electronic resource] |
| 250 ## - EDITION STATEMENT | |
| Edition statement | 2nd ed. |
| 260 ## - PUBLICATION, DISTRIBUTION, ETC. | |
| Place of publication, distribution, etc. | Swindon |
| Name of publisher, distributor, etc. | English Heritage |
| Date of publication, distribution, etc. | 2010 |
| 520 ## - SUMMARY, ETC. | |
| Summary, etc. | An introduction to the techniques used for recording historic places; need for adequate records in managing change to significant places; types of metric survey; laser scanning, data capture technologies. |
| 590 ## - LOCAL NOTE (RLIN) | |
| Local note | KA NTK |
| 651 #4 - SUBJECT ADDED ENTRY--GEOGRAPHIC NAME | |
| Geographic name | England |
| Chronological subdivision | 886- |
| 690 ## - LOCAL SUBJECT ADDED ENTRY--TOPICAL TERM (OCLC, RLIN) | |
| Topical term or geographic name as entry element | BUILT ENVIRONMENT-BUILDING MAINTENANCE AND REFURBISHMENT-BUILDING CONSERVATION |
| 700 1# - ADDED ENTRY--PERSONAL NAME | |
| Personal name | Bedford, Jon |
| 700 1# - ADDED ENTRY--PERSONAL NAME | |
| Personal name | Papworth, Heather |
| 856 40 - ELECTRONIC LOCATION AND ACCESS | |
| Uniform Resource Identifier | <a href="https://www.english-heritage.org.uk/publications/measured-and-drawn/measured-and-drawn.pdf/">https://www.english-heritage.org.uk/publications/measured-and-drawn/measured-and-drawn.pdf/</a> |
| Public note | View this item free of charge at www.english-heritage.org.uk |
| 942 ## - ADDED ENTRY ELEMENTS (KOHA) | |
| Suppress in OPAC | 0 |
| Withdrawn status | Lost status | Source of classification or shelving scheme | Damaged status | Not for loan | Home library | Current library | Shelving location | Date acquired | Total Checkouts | Full call number | Barcode | Date last seen | Copy number | Price effective from | Koha item type |
|---|---|---|---|---|---|---|---|---|---|---|---|---|---|---|---|
| Dewey Decimal Classification | Virtual | Virtual | Online | 17/08/2010 | ONLINE PUBLICATION | 150684-2001 | 06/08/2019 | 1 | 06/08/2019 | Book |